[Event "DVM U10 2020"]
[Site "Magdeburg GER"]
[Date "2021.08.07"]
[Round "5"]
[White "Mehner, Clara"]
[Black "Dütsch, Hannes"]
[Result "1/2-1/2"]
[Termination "normal"]
[Board "13.1"]
[WhiteElo "1183"]
[BlackElo "1156"]
[WhiteTeam "USG Chemnitz"]
[BlackTeam "Schachklub Schweinfurt 2000 e.V."]
[PlyCount "63"]
[WhiteFideId "34612165"]
[BlackFideId "34605509"]
[EventCountry "GER"]
[EventRounds "7"]
[EventType "team-swiss"]
[EventDate "2021.08.06"]

{[%evp 0,63,25,17,51,47,47,11,29,21,14,6,77,80,86,84,137,135,144,136,94,94,89,
63,65,37,47,64,43,45,77,-15,-37,-37,-37,-34,-24,-40,-3,-21,14,-9,-11,-5,-9,-4,
2,-11,-22,-32,-27,-48,-37,-48,-31,-45,-41,-72,-50,-37,-27,-72,10,-37,-27,-37]
normal} 1. e4 c5 2. Nf3 Nc6 3. d4 cxd4 4. Nxd4 e5 5. Nf3 g6 6. Bc4 h6 7. Nc3
Bg7 8. O-O Nge7 9. Re1 d6 10. Be3 O-O 11. Qd2 Bg4 12. Be2 Kh7 13. h3 Bxf3 14.
Bxf3 f5 15. Qe2 f4 16. Bd2 Nd4 17. Qd3 a6 18. Nd5 Nxd5 19. exd5 Rc8 20. c3
Nxf3+ 21. Qxf3 Qb6 22. b3 Qa7 23. Rad1 b5 24. Kh1 a5 25. Re2 Qb6 26. Qe4 Qb7
27. g3 fxg3 28. fxg3 Qd7 29. Kg2 h5 30. Qd3 Qb7 31. Qe4 Qd7 32. c4 1/2-1/2

[Event "DVM U10 2020"]
[Site "Magdeburg GER"]
[Date "2021.08.07"]
[Round "5"]
[White "Dütsch, Kilian"]
[Black "Frey, Lino"]
[Result "1-0"]
[Termination "normal"]
[Board "13.2"]
[WhiteElo "864"]
[BlackElo "1119"]
[WhiteTeam "Schachklub Schweinfurt 2000 e.V."]
[BlackTeam "USG Chemnitz"]
[PlyCount "43"]
[WhiteFideId "34605517"]
[BlackFideId "34693394"]
[EventCountry "GER"]
[EventRounds "7"]
[EventType "team-swiss"]
[EventDate "2021.08.06"]

{[%evp 0,43,19,34,32,25,12,26,55,26,40,11,0,18,-3,-12,-17,-9,11,17,6,1,13,-71,
30,5,56,-29,75,31,33,-181,128,128,467,422,789,934,29993,29994,29995,29996,
29997,29998,29999,-30000] normal} 1. d4 d5 2. Bf4 e6 3. e3 c5 4. c3 Nc6 5. Bd3
Nf6 6. Nf3 Bd6 7. Bg3 O-O 8. Nbd2 Bxg3 9. hxg3 Qb6 10. Qc2 g6 11. Ng5 Qc7 12.
O-O-O a6 13. Rh2 b5 14. Rdh1 h5 15. g4 c4 16. Be2 a5 17. gxh5 Rd8 18. hxg6 fxg6
19. Qxg6+ Kf8 20. Qxf6+ Ke8 21. Rh8+ Kd7 22. Qxe6# 1-0

[Event "DVM U10 2020"]
[Site "Magdeburg GER"]
[Date "2021.08.07"]
[Round "5"]
[White "Mo, Keyou"]
[Black "Gerull, Luis"]
[Result "1-0"]
[Termination "normal"]
[Board "13.3"]
[WhiteElo "1000"]
[BlackElo "854"]
[WhiteTeam "USG Chemnitz"]
[BlackTeam "Schachklub Schweinfurt 2000 e.V."]
[PlyCount "147"]
[WhiteFideId "34623582"]
[BlackFideId "34606270"]
[EventCountry "GER"]
[EventRounds "7"]
[EventType "team-swiss"]
[EventDate "2021.08.06"]

{[%evp 0,65,19,38,25,16,14,14,15,10,7,13,14,-4,29,34,47,4,32,11,30,9,1054,1059,
1055,1073,1121,1049,1319,1080,1202,1218,1220,1220,1411,1432,1475,1297,1477,
1475,1525,1536,1770,1819,1862,1355,1361,1385,1596,1613,29999,1666,1648,1570,
1995,1570,1573,1613,1646,1607,1660,1660,1780,1661,1753,1463,1483,1497] normal}
1. e4 e5 2. Nf3 Nc6 3. Bc4 Nf6 4. d3 Bc5 5. O-O d6 6. h3 Qe7 7. Nc3 Be6 8. Bb3
Nd4 9. Bg5 O-O-O 10. Nd5 h6 11. Nxe7+ Kb8 12. Bxf6 gxf6 13. c3 Nb5 14. Bd5 Bxd5
15. Nxd5 c6 16. Nxf6 h5 17. Ng5 Rc8 18. Nxh5 Rcg8 19. Nxf7 Rh7 20. Nf6 Rxg2+
21. Kxg2 Rxf7 22. Ng4 Nc7 23. d4 Bb6 24. dxe5 dxe5 25. Nxe5 Rg7+ 26. Ng4 Ne6
27. Qf3 Bc7 28. Qf6 Nf4+ 29. Kh1 Rg8 30. Rad1 a6 31. Ne5 Nxh3 32. Qe6 Rh8 33.
Nd7+ Ka7 34. Kg2 Nf4+ 35. Kf3 Nxe6 36. Nf6 Rf8 37. e5 Bxe5 38. Rfe1 Rxf6+ 39.
Kg2 Rg6+ 40. Kf1 Bh2 41. Ke2 Bc7 42. f3 Rg2+ 43. Kf1 Nf4 44. Rd7 Bb6 45. Rd4
Bxd4 46. cxd4 Rxb2 47. Re4 Rb1+ 48. Kf2 Nd3+ 49. Ke3 Nb4 50. f4 Nxa2 51. f5 Rf1
52. Rf4 Rg1 53. f6 Rg8 54. Ke4 Nb4 55. Ke5 Nd5 56. Rf5 Kb8 57. Ke6 Rf8 58. f7
Kc8 59. Rg5 Kd8 60. Rg8 Rxg8 61. fxg8=Q+ Kc7 62. Qf7+ Kb6 63. Qf8 a5 64. Qc5+
Ka6 65. Kd6 a4 66. Kd7 Nf6+ 67. Kc7 Nd5+ 68. Kb8 Nb6 69. Qb4 Nd7+ 70. Kc7 b5
71. Kxd7 Kb6 72. Qc5+ Ka5 73. Kxc6 Ka6 74. Qb6# 1-0

[Event "DVM U10 2020"]
[Site "Magdeburg GER"]
[Date "2021.08.07"]
[Round "5"]
[White "Nidermaier, Fredrik"]
[Black "Li, Joshua"]
[Result "0-1"]
[Termination "normal"]
[Board "13.4"]
[WhiteElo "759"]
[BlackElo "873"]
[WhiteTeam "Schachklub Schweinfurt 2000 e.V."]
[BlackTeam "USG Chemnitz"]
[PlyCount "60"]
[WhiteFideId "34615679"]
[BlackFideId "34623639"]
[EventCountry "GER"]
[EventRounds "7"]
[EventType "team-swiss"]
[EventDate "2021.08.06"]

{[%evp 0,60,18,14,14,13,28,13,13,13,7,-7,71,66,115,92,88,36,-1,0,0,-180,-197,
-219,-234,-480,-361,-361,-367,-374,-218,-220,-163,-159,-67,-88,-16,-90,-90,
-151,-151,-165,-135,-191,-65,-46,-69,-70,-48,-47,-31,-67,-38,-1,179,72,181,88,
173,-381,-398,-29999,-30000] normal} 1. e4 e5 2. Nf3 Nc6 3. Bb5 Nd4 4. Nxd4
exd4 5. c3 dxc3 6. Nxc3 Bc5 7. O-O Ne7 8. Qg4 O-O 9. d3 c6 10. Bh6 Ng6 11. Bg5
f6 12. Bxf6 Rxf6 13. Ba4 Qf8 14. Qg3 Bd6 15. Qe3 Nf4 16. e5 Re6 17. Bb3 Be7 18.
Bxe6+ dxe6 19. Ne2 Nd5 20. Qd2 Bb4 21. Qc2 b6 22. Qxc6 Rb8 23. a3 Bc5 24. b4
Be7 25. Qa4 Bb7 26. Qxa7 Nc7 27. Rac1 Na6 28. Rfe1 Bh4 29. g3 Qf3 30. Nf4 Qh1#
0-1

[Event "DVM U10 2020"]
[Site "Magdeburg GER"]
[Date "2021.08.07"]
[Round "5"]
[White "Dietrich, Fabian"]
[Black "Ahlers, Quentin"]
[Result "1-0"]
[Termination "normal"]
[Board "14.1"]
[WhiteElo "1174"]
[BlackElo "1431"]
[WhiteTeam "SK Marburg 1931/72"]
[BlackTeam "SK Lehrte von 1919 e. V."]
[PlyCount "99"]
[WhiteFideId "34640240"]
[BlackFideId "16269551"]
[EventCountry "GER"]
[EventRounds "7"]
[EventType "team-swiss"]
[EventDate "2021.08.06"]

{[%evp 0,99,24,13,13,13,13,-6,5,-21,14,22,19,-6,11,11,-8,-68,1,-64,138,48,29,
-49,-43,-46,46,50,54,-4,103,65,93,93,237,77,93,114,303,269,642,665,889,948,936,
670,679,692,950,941,1066,1370,1445,1759,2217,2492,2049,2486,2510,29986,29991,
29986,29987,29990,29993,29994,29995,1507,29993,29994,29995,1642,1642,1502,
29993,1430,1537,1322,1344,1366,1409,29980,29983,29980,29987,29982,29985,29986,
29987,29988,29991,29990,29991,29992,29993,29994,29995,29996,29997,29998,29999,
-30000] normal} 1. e4 e5 2. Nf3 Nc6 3. d4 exd4 4. Bc4 Bb4+ 5. c3 dxc3 6. Nxc3
Nf6 7. O-O O-O 8. Bg5 h6 9. Bh4 Re8 10. Nd5 Be7 11. Nxe7+ Qxe7 12. Re1 Ne5 13.
Nxe5 Qxe5 14. Qb3 Rf8 15. Bg3 Qc5 16. Rac1 Qa5 17. e5 Nh5 18. Bh4 b6 19. Be7
Bb7 20. Bb4 Rab8 21. Bxa5 bxa5 22. Qa4 Bc6 23. Qxa5 Rxb2 24. e6 Nf4 25. exf7+
Kh8 26. Re8 Rb8 27. Rxb8 Rxb8 28. Qxc7 Rf8 29. Qxf4 d5 30. Rb1 dxc4 31. Rb8
Rxb8 32. Qxb8+ Kh7 33. f8=N+ Kh8 34. Ne6+ Kh7 35. Qc7 Kg6 36. Qxc6 c3 37. f4
Kf7 38. Qxc3 Kxe6 39. Qxg7 a5 40. Qg6+ Kd5 41. Qf5+ Kd6 42. Qxa5 h5 43. Qxh5
Ke6 44. Qe5+ Kf7 45. Qd6 Kg7 46. Qe6 Kh8 47. Qe7 Kg8 48. f5 Kh8 49. f6 Kg8 50.
Qg7# 1-0

[Event "DVM U10 2020"]
[Site "Magdeburg GER"]
[Date "2021.08.07"]
[Round "5"]
[White "Ebel, Felix"]
[Black "Jung, Lukas"]
[Result "1-0"]
[Termination "normal"]
[Board "14.2"]
[WhiteElo "955"]
[BlackElo "865"]
[WhiteTeam "SK Lehrte von 1919 e. V."]
[BlackTeam "SK Marburg 1931/72"]
[PlyCount "79"]
[WhiteFideId "34651446"]
[EventCountry "GER"]
[EventRounds "7"]
[EventType "team-swiss"]
[EventDate "2021.08.06"]

{[%evp 0,79,29,13,13,13,31,7,10,10,14,10,33,11,31,33,28,24,53,23,47,-145,-161,
-163,-184,-177,0,-76,101,92,217,239,865,878,901,892,953,1017,1065,910,909,925,
918,779,855,859,873,873,864,855,1016,1008,1030,1069,1221,1363,1408,1544,1707,
1587,29989,1755,29975,29984,29997,1917,29987,29988,29993,29994,29995,29988,
29991,29990,29993,29994,29995,29996,29997,29998,29999,-30000] normal} 1. e4 e5
2. Bc4 Bc5 3. d3 Nc6 4. Nc3 d6 5. Nf3 Bg4 6. Be3 Bxe3 7. fxe3 Nf6 8. O-O Bh5 9.
d4 Ng4 10. dxe5 Nxe3 11. Qd3 Nxf1 12. Rxf1 Bxf3 13. Qxf3 Nxe5 14. Bxf7+ Ke7 15.
Qf5 Qd7 16. Qg5+ Kf8 17. Be6+ Ke8 18. Bxd7+ Kxd7 19. Qxg7+ Kc6 20. Nd5 Rac8 21.
c4 a5 22. Ne7+ Kc5 23. Nxc8 Rxc8 24. a3 Kxc4 25. Rc1+ Kd4 26. Qxh7 Rf8 27. Rd1+
Kc4 28. b3+ Kxb3 29. Qxc7 Nc4 30. Rb1+ Nb2 31. Qxb7+ Kc4 32. Qxb2 Kd3 33. Rd1+
Ke3 34. Qd2+ Kxe4 35. Re1+ Kf5 36. Qf2+ Kg5 37. Qxf8 Kg6 38. Re3 Kg5 39. Rg3+
Kh5 40. Qh8# 1-0

[Event "DVM U10 2020"]
[Site "Magdeburg GER"]
[Date "2021.08.07"]
[Round "5"]
[White "Piller, Rafael"]
[Black "Kosmehl, Friedrich"]
[Result "1-0"]
[Termination "normal"]
[Board "14.3"]
[WhiteElo "931"]
[BlackElo "943"]
[WhiteTeam "SK Marburg 1931/72"]
[BlackTeam "SK Lehrte von 1919 e. V."]
[PlyCount "119"]
[EventCountry "GER"]
[EventRounds "7"]
[EventType "team-swiss"]
[EventDate "2021.08.06"]

{[%evp 0,48,19,38,60,60,55,57,67,19,13,9,71,71,209,197,213,189,354,284,356,209,
310,248,293,277,374,-165,341,332,750,775,907,972,1655,1757,1963,2261,29995,756,
725,683,716,710,815,420,518,510,693,297,591] normal} 1. e4 c6 2. d4 d5 3. e5
Bf5 4. c3 e6 5. Nf3 Be4 6. Nbd2 Nd7 7. Nxe4 dxe4 8. Ng5 f6 9. Nxe4 f5 10. Ng3
c5 11. Bc4 cxd4 12. cxd4 Qe7 13. Qf3 Rb8 14. O-O Qb4 15. Bxe6 Qxd4 16. Rd1 Qxe5
17. Bxd7+ Ke7 18. Bf4 Qc5 19. Qe3+ Qxe3 20. fxe3 Rd8 21. Nxf5+ Kf7 22. Rd2 Bb4
23. Nd6+ Kf8 24. Rf2 Ke7 25. Bg5+ Nf6 26. Bxf6+ gxf6 27. Nxb7 Rxd7 28. a3 Bd6
29. Nxd6 Rxd6 30. Rc1 Rd7 31. Re1 Rhd8 32. e4 Rd1 33. Rxd1 Rxd1+ 34. Rf1 Rxf1+
35. Kxf1 Ke6 36. Kf2 Ke5 37. Kf3 a5 38. b4 axb4 39. axb4 Kd6 40. Kf4 Ke6 41. b5
Kd7 42. Kf5 Ke7 43. b6 Kd7 44. Kxf6 h5 45. Kf7 h4 46. e5 Kc8 47. e6 Kb7 48. e7
Kxb6 49. e8=Q Kb7 50. Qd8 h3 51. gxh3 Ka7 52. Qc7+ Ka8 53. Qc5 Kb8 54. Ke7 Kb7
55. Kd7 Kb8 56. Qb6+ Ka8 57. Qd8+ Kb7 58. h4 Ka7 59. Kc6 Ka6 60. Qb6# 1-0

[Event "DVM U10 2020"]
[Site "Magdeburg GER"]
[Date "2021.08.07"]
[Round "5"]
[White "González Peisker, Mateo León"]
[Black "Seth, Aakrit"]
[Result "0-1"]
[Termination "normal"]
[Board "15.1"]
[WhiteElo "1151"]
[BlackElo "1381"]
[WhiteTeam "SV Multatuli Ingelheim e.V."]
[BlackTeam "SC Weisse Dame e.V."]
[PlyCount "70"]
[WhiteFideId "34610138"]
[BlackFideId "34604812"]
[EventCountry "GER"]
[EventRounds "7"]
[EventType "team-swiss"]
[EventDate "2021.08.06"]

{[%evp 0,70,30,18,50,56,69,53,70,26,30,41,71,49,40,38,35,23,23,-68,-72,-84,114,
29,24,10,27,1,-13,-75,28,14,34,-35,-38,-254,-254,-280,-279,-283,-290,-309,-310,
-363,-255,-259,-244,-270,-258,-280,-261,-258,-255,-261,-262,-279,-274,-307,
-139,-284,-242,-297,-266,-258,-140,-2086,-28808,-29983,-29986,-29997,-29998,
-29999,-30000] normal} 1. e4 c5 2. Nf3 d6 3. d4 cxd4 4. Nxd4 Nf6 5. Nc3 g6 6.
Be3 Bg7 7. Bc4 O-O 8. O-O Nc6 9. Qe2 Nxe4 10. Nxe4 d5 11. Nxc6 bxc6 12. Rad1
Qc7 13. Bxd5 cxd5 14. Rxd5 Bb7 15. Rc5 Qb6 16. Rb5 Qc6 17. Rb4 Ba6 18. c4 Qxe4
19. f3 Qe6 20. Rd1 Bh6 21. Rd3 Bxe3+ 22. Rxe3 Qd6 23. a3 Qc5 24. Kh1 Rac8 25.
b3 e6 26. Re5 Qd6 27. h3 Rfd8 28. Qe3 Qd4 29. Qg5 Qd6 30. Qe3 Qd1+ 31. Kh2 Qd2
32. Qxa7 Qf4+ 33. Kg1 Qxe5 34. Qxa6 Rd1+ 35. Kf2 Qe1# 0-1

[Event "DVM U10 2020"]
[Site "Magdeburg GER"]
[Date "2021.08.07"]
[Round "5"]
[White "Zhou, Leyi Charlotte"]
[Black "Kraeh, Niklas"]
[Result "0-1"]
[Termination "normal"]
[Board "15.2"]
[WhiteElo "1199"]
[BlackElo "1089"]
[WhiteTeam "SC Weisse Dame e.V."]
[BlackTeam "SV Multatuli Ingelheim e.V."]
[PlyCount "90"]
[WhiteFideId "16258100"]
[BlackFideId "34610073"]
[EventCountry "GER"]
[EventRounds "7"]
[EventType "team-swiss"]
[EventDate "2021.08.06"]

{[%evp 0,55,30,18,18,24,28,33,73,74,79,78,93,92,90,61,87,61,93,-1,6,14,9,-62,
178,167,168,185,239,182,242,249,236,246,270,125,130,114,137,79,370,354,428,112,
110,36,32,47,51,15,57,-71,76,-97,-61,-88,-70,-141] normal} 1. e4 e5 2. Nf3 Nc6
3. d4 d6 4. dxe5 dxe5 5. Qxd8+ Kxd8 6. Nc3 Nf6 7. Bc4 h6 8. O-O Bb4 9. a3 Bxc3
10. bxc3 Nxe4 11. Bb2 Na5 12. Bxf7 Nd6 13. Nxe5 b6 14. Rad1 Ba6 15. Rfe1 Kc8
16. Be6+ Kb8 17. Nd7+ Kb7 18. Bg4 Nac4 19. Bc1 h5 20. Bf3+ c6 21. Be2 Rae8 22.
Bxc4 Rxe1+ 23. Rxe1 Bxc4 24. Re7 Ka6 25. Rxg7 Re8 26. Bd2 Re2 27. Nb8+ Kb5 28.
h3 Rxd2 29. Rg5+ Rd5 30. Rg7 Rd1+ 31. Kh2 a5 32. Rg5+ Rd5 33. Rg3 c5 34. Re3
Rd2 35. Re1 Rxf2 36. Rd1 Ne4 37. Ra1 a4 38. Rb1+ Ka5 39. Nc6+ Ka6 40. Ne5 Nxc3
41. Re1 Bd5 42. Re3 Rxg2+ 43. Kh1 Re2+ 44. Rf3 Rxe5 45. Kg2 Bxf3+ 0-1

[Event "DVM U10 2020"]
[Site "Magdeburg GER"]
[Date "2021.08.07"]
[Round "5"]
[White "Grundel-Kawano, Emi"]
[Black "Kühne, Paul"]
[Result "1-0"]
[Termination "normal"]
[Board "16.2"]
[WhiteElo "832"]
[BlackElo "1040"]
[WhiteTeam "USC Magdeburg"]
[BlackTeam "Schachfreunde Hettstedt"]
[PlyCount "45"]
[WhiteFideId "34624775"]
[EventCountry "GER"]
[EventRounds "7"]
[EventType "team-swiss"]
[EventDate "2021.08.06"]

{[%evp 0,45,28,33,24,26,22,22,26,16,12,10,27,17,17,4,2,6,27,28,40,16,78,126,
141,41,148,36,60,-44,-44,-43,108,127,144,75,164,167,272,286,1048,739,1763,687,
1264,739,29999,-30000] normal} 1. e4 e5 2. Nf3 Nc6 3. Bc4 Bc5 4. Nc3 Nf6 5. d3
h6 6. O-O d6 7. h3 O-O 8. Be3 Bxe3 9. fxe3 b6 10. Qe1 Nh5 11. g4 Nf6 12. Qh4
Nb4 13. Bb3 Be6 14. a3 Bxb3 15. cxb3 Nc6 16. g5 Nd7 17. Kh2 Ne7 18. gxh6 Nf6
19. hxg7 Ng6 20. Qh6 Re8 21. Rg1 Nh5 22. Rxg6 Qf6 23. Qh8# 1-0

[Event "DVM U10 2020"]
[Site "Magdeburg GER"]
[Date "2021.08.07"]
[Round "5"]
[White "Nguyen, Long"]
[Black "Ecke, Erik"]
[Result "1-0"]
[Termination "normal"]
[Board "16.4"]
[WhiteElo "784"]
[BlackElo "803"]
[WhiteTeam "USC Magdeburg"]
[BlackTeam "Schachfreunde Hettstedt"]
[PlyCount "91"]
[WhiteFideId "34624708"]
[BlackFideId "16289420"]
[EventCountry "GER"]
[EventRounds "7"]
[EventType "team-swiss"]
[EventDate "2021.08.06"]

{[%evp 0,91,30,16,16,22,22,16,16,10,47,15,28,12,27,-8,-14,-7,-5,-8,19,4,0,-6,
-16,-68,-67,-67,28,0,132,36,48,48,168,136,150,-44,603,-136,213,-134,12,-39,-81,
-94,155,-288,-289,-255,115,-214,329,-194,-92,-107,357,-184,192,216,516,0,668,
1090,1271,0,1992,1808,29991,29992,29995,29996,29999,29994,29997,29994,29997,
29998,29999,29992,29995,29996,29997,29994,29999,29994,29995,29994,29995,29996,
29997,29998,29999,-30000] normal} 1. e4 e5 2. Nf3 Nc6 3. Bc4 Nf6 4. Nc3 Bb4 5.
O-O O-O 6. d3 d6 7. Bg5 Bxc3 8. bxc3 h6 9. Be3 Qd7 10. Qd2 Qg4 11. h3 Qg6 12.
Nh4 Qh5 13. Nf5 Qg6 14. g4 h5 15. f3 hxg4 16. fxg4 Qh7 17. g5 Nh5 18. d4 Na5
19. Be2 Ng3 20. Rf3 Nxe4 21. Ne7+ Kh8 22. Qd3 Bxh3 23. Bf1 Bg4 24. Bg2 c6 25.
Rff1 Be6 26. dxe5 d5 27. Rf4 f5 28. Bxe4 dxe4 29. Qd6 Qh5 30. Rf2 Qg4+ 31. Rg2
Rfd8 32. Qxe6 Qh4 33. Rh2 Qxh2+ 34. Kxh2 Re8 35. Rh1 Rxe7 36. Qxe7 Kg8 37. Kg2
Nc4 38. Qe6+ Kf8 39. Qxc4 a6 40. Rh8+ Ke7 41. Rxa8 Kd7 42. e6+ Kd6 43. Rd8+ Ke7
44. Qd4 Kxe6 45. Qd6+ Kf7 46. g6# 1-0

[Event "DVM U10 2020"]
[Site "Magdeburg GER"]
[Date "2021.08.07"]
[Round "5"]
[White "Kamleiter, Noah"]
[Black "Rudolph, Simon"]
[Result "1/2-1/2"]
[Termination "normal"]
[Board "17.1"]
[WhiteElo "1476"]
[BlackElo "1207"]
[WhiteTeam "TSV Bindlach Aktionär"]
[BlackTeam "SC Leipzig-Lindenau"]
[PlyCount "65"]
[WhiteFideId "16265815"]
[BlackFideId "34617078"]
[EventCountry "GER"]
[EventRounds "7"]
[EventType "team-swiss"]
[EventDate "2021.08.06"]

{[%evp 0,65,31,16,67,57,50,29,26,3,3,24,65,77,84,68,69,72,66,83,70,33,59,22,84,
75,63,37,23,15,27,14,73,25,9,19,54,41,25,11,48,-73,-89,-139,25,-67,-75,-74,35,
-13,29,-36,45,15,40,36,13,13,59,25,26,16,17,-3,26,-8,7,2] normal} 1. e4 Nf6 2.
e5 Nd5 3. c4 Nb6 4. d4 d6 5. exd6 cxd6 6. Nf3 e6 7. Nc3 Be7 8. Bd3 O-O 9. O-O
Nc6 10. Qc2 h6 11. Bf4 Nd7 12. Rfe1 Nb4 13. Qd2 Nxd3 14. Qxd3 Nf6 15. d5 Re8
16. Rac1 e5 17. Bg3 Bf8 18. b3 Bd7 19. Nd2 Qc8 20. Nce4 Nxe4 21. Nxe4 Bf5 22.
Qe3 Bxe4 23. Qxe4 b6 24. h3 Be7 25. Rc3 Bf6 26. Rf3 Qd7 27. Bh4 Bxh4 28. Qxh4
Qe7 29. Qxe7 Rxe7 30. Kf1 Rc8 31. Ke2 Kh7 32. Re3 Ree8 33. Kd3 1/2-1/2

[Event "DVM U10 2020"]
[Site "Magdeburg GER"]
[Date "2021.08.07"]
[Round "5"]
[White "Nguyen Duc, Tien Dat"]
[Black "Krüger, Moritz"]
[Result "0-1"]
[Termination "normal"]
[Board "18.1"]
[WhiteElo "950"]
[BlackElo "1040"]
[WhiteTeam "SAV Torgelow-Drögeheide 90"]
[BlackTeam "Hannover 96"]
[PlyCount "56"]
[BlackFideId "34608923"]
[EventCountry "GER"]
[EventRounds "7"]
[EventType "team-swiss"]
[EventDate "2021.08.06"]

{[%evp 0,56,22,22,53,23,16,20,21,15,25,29,18,10,13,-4,29,-10,-18,-19,-13,-22,
-22,-2,5,-9,-17,-17,-20,-64,-18,-71,-74,-199,-181,-304,-292,-291,-105,-169,-96,
-243,-246,-427,-258,-249,-207,-347,-336,-336,-360,-408,-424,-579,-579,-640,
-624,-29999,-30000] normal} 1. e4 e6 2. Nf3 d5 3. exd5 exd5 4. d4 Nf6 5. Nc3
Bd6 6. Be2 O-O 7. O-O Bf5 8. Bg5 c6 9. Re1 Nbd7 10. Bd3 Bg4 11. h3 Bh5 12. Bf5
Qb6 13. g4 Bg6 14. Bxd7 Nxd7 15. Na4 Qc7 16. Qd2 Be4 17. Qe3 f6 18. Bh4 Nb6 19.
Nc3 Rae8 20. Qe2 g5 21. Nd2 gxh4 22. Ncxe4 Qg7 23. Nxd6 Rxe2 24. Rxe2 f5 25.
Nxf5 Rxf5 26. Kf1 Rf8 27. Rae1 Qxd4 28. Re7 Qxf2# 0-1

[Event "DVM U10 2020"]
[Site "Magdeburg GER"]
[Date "2021.08.07"]
[Round "5"]
[White "Rinke, Alexander"]
[Black "Wilke, Ronja"]
[Result "1-0"]
[Termination "normal"]
[Board "18.2"]
[WhiteElo "1132"]
[BlackElo "862"]
[WhiteTeam "Hannover 96"]
[BlackTeam "SAV Torgelow-Drögeheide 90"]
[PlyCount "95"]
[WhiteFideId "34623523"]
[BlackFideId "16288378"]
[EventCountry "GER"]
[EventRounds "7"]
[EventType "team-swiss"]
[EventDate "2021.08.06"]

{[%evp 0,59,27,22,16,10,10,21,47,44,36,10,130,41,35,16,20,22,42,33,39,3,19,27,
28,35,122,126,296,295,317,317,317,319,337,289,320,302,296,249,241,231,285,201,
204,190,197,219,222,227,223,222,255,253,592,330,350,320,658,679,707,721] normal
} 1. e4 e5 2. Nf3 Nc6 3. Bb5 Bb4 4. O-O Nf6 5. c3 Bc5 6. Bxc6 dxc6 7. d4 exd4
8. cxd4 Bb4 9. a3 Be7 10. Bg5 O-O 11. Nc3 h6 12. Bf4 Bd6 13. e5 g5 14. Be3 Ng4
15. exd6 Nxe3 16. fxe3 cxd6 17. Re1 c5 18. dxc5 dxc5 19. Qxd8 Rxd8 20. Rad1 Bg4
21. Rxd8+ Rxd8 22. Ne5 Be6 23. Ne4 b6 24. Nc6 Rd3 25. Nxa7 Rb3 26. Re2 Bg4 27.
Rf2 f5 28. Nf6+ Kf7 29. Nxg4 Kg6 30. Ne5+ Kh5 31. g3 Rxe3 32. Rxf5 Re1+ 33. Kf2
Rb1 34. Kg2 Rxb2+ 35. Kh3 Rb3 36. Nb5 c4 37. Nxc4 Kg6 38. Rd5 Kf6 39. Nbd6 b5
40. Rxb5 Rxb5 41. Nxb5 Ke6 42. Kg4 Kd5 43. Kh5 Kxc4 44. Kxh6 Kxb5 45. Kxg5 Ka4
46. h4 Kxa3 47. h5 Ka2 48. h6 1-0

[Event "DVM U10 2020"]
[Site "Magdeburg GER"]
[Date "2021.08.07"]
[Round "5"]
[White "Eschrig, Immanuel"]
[Black "Wisniewski, Wojciech"]
[Result "1-0"]
[Termination "normal"]
[Board "19.1"]
[WhiteElo "1094"]
[BlackElo "828"]
[WhiteTeam "Greifswalder SV"]
[BlackTeam "Elmshorner SC von 1896"]
[PlyCount "51"]
[WhiteFideId "34626506"]
[EventCountry "GER"]
[EventRounds "7"]
[EventType "team-swiss"]
[EventDate "2021.08.06"]

{[%evp 0,51,15,16,44,45,68,60,78,80,102,110,107,75,169,98,74,59,47,14,43,6,3,3,
4,-3,-5,-32,-62,-51,-26,-16,-27,-30,-6,0,0,0,100,110,276,261,271,249,362,358,
554,580,973,946,2786,29988,29999,-30000] normal} 1. e4 d5 2. exd5 Qxd5 3. Nc3
Qa5 4. d4 c6 5. Nf3 Bf5 6. Bc4 Qc7 7. O-O e6 8. Be3 Nf6 9. Ne5 Bd6 10. Bf4 O-O
11. Re1 Nbd7 12. Nxd7 Qxd7 13. Bxd6 Qxd6 14. h3 Rad8 15. Ne2 Rfe8 16. c3 e5 17.
dxe5 Qxe5 18. Nd4 Ne4 19. f3 Qf4 20. fxe4 Bxe4 21. Rf1 Qg3 22. Qg4 Qe3+ 23. Kh1
c5 24. Bxf7+ Kf8 25. Bxe8+ Kxe8 26. Qe6# 1-0